000 01070nam a22003497a 4500
001 0005701
003 KOHA_MİRAKIL
005 20260207001455.0
007 ta
008 090528b1994 tu |||gr||||#||||0|tur |
020 _a975171463X
_c0,01
040 _aTR-BiSEU
_btur
_cTR-BiSEU
_erda
041 0 _atur
044 _ctu
050 _aBP189.7
_b.T46 1994
100 1 _aTemren, Belkıs.
245 1 _aBektaşılığın eğitsel ve kültürel boyutu/
_cBelkıs Temren ; Belkıs Temren.
264 1 _aAnkara :
_bT.C. Kültür Bakanlığı
_c1994
300 _axvii, 278 sayfa: resimli
336 _ametin
_btxt
_2rdacontent
337 _aaracısız
_bn
_2rdamedia
338 _acilt
_bnc
_2rdacarrier
490 1 _aT.C.
490 1 _aKültür Bakanlığı yayınları ;1678.
490 1 _aBaşvuru kitapları dizisi ;2.
500 _aKaynakça var.
650 0 _aBektashi--Turkey.
_913211
830 1 _aT.C.
_96297
830 1 _aKültür Bakanlığı yayınları ;1678.
_913791
830 1 _aBaşvuru kitapları dizisi ;2.
_913792
942 _2lcc
_cBK
999 _c5682
_d5682